HISTOLOGY: A TEXT AND PRACTICAL RECORD BOOK (Record no. 10071)

MARC details
000 -LEADER
fixed length control field 00343nam a22001457a 4500
003 - CONTROL NUMBER IDENTIFIER
control field SGT
020 ## - INTERNATIONAL STANDARD BOOK NUMBER
International Standard Book Number 978-93-5152-654-4
082 ## - DEWEY DECIMAL CLASSIFICATION NUMBER
Classification number 611
Item number H15C
100 ## - MAIN ENTRY--PERSONAL NAME
Personal name CHAUHAN, SANGITA
245 ## - TITLE STATEMENT
Title HISTOLOGY: A TEXT AND PRACTICAL RECORD BOOK
260 ## - PUBLICATION, DISTRIBUTION, ETC. (IMPRINT)
Place of publication, distribution, etc NEW DELHI
Name of publisher, distributor, etc HEALTH SCIENCE
Year of Publication 2015
300 ## - PAGE DESCRIPTION
No. of Pages 226
650 ## - SUBJECT ADDED ENTRY--TOPICAL TERM
Topical term or geographic name as entry element ANATOMY
942 ## - ADDED ENTRY ELEMENTS (KOHA)
Source of classification or shelving scheme Dewey Decimal Classification
Koha item type Books
942 ## - ADDED ENTRY ELEMENTS (KOHA)
-- 2
Holdings
Withdrawn status Lost status Source of classification or shelving scheme Damaged status Not for loan Collection code Home library Current library Shelving location Date acquired Vendor Name SGTU Total Checkouts Full call number Accession No. (Barcode) Date last seen Date last borrowed Bill Date Koha item type
    Dewey Decimal Classification     PHARMACY SGT FA-FP Library SGT FA-FP Library Text Book 30/11/2016 CBS PUBLISHER SGTU 2 611 H15C FP2003 21/08/2023 02/08/2023 30/11/2016 Books